000 01174cam a2200397 4500
001 a42737
003 DO-SdBPM
005 20250721130853.0
007 ta
008 080604s2008 sp | |||| 000 f spa
015 _a
017 _a
_b
020 _a9788466321945
035 _a
040 _aDO-SdBPM
_bspa
_cBPMSU
_erda
080 _a
082 4 _a839.8236
_bG111m 2008
_222
100 1 _aGaarder, Jostein
_d1952-
245 1 0 _aMaya /
_cJostein Gaarder ; traducción Kirsti Baggethum y Asunción Lorenzo
_h
247 _6
264 _aMadrid :
_bPunto de Lectura,
_c2008
300 _a472 páginas . ;
_c21 cm
336 _atexto
_btxt
_2rdacontent
337 _asin mediación
_bn
_2rdamedia
338 _avolumen
_bnc
_2rdacarrier
490 0 _aPunto de lectura,
_v263/1
500 _aIncluye datos biográficos del autor
590 _aInventariado, 2025/VM
650 7 _aNovela noruega
650 7 _aCosmogonía
_vNovela
650 7 _aEvolución de los vertebrados
_vNovela
700 1 _aBaggethum, Kirsti
_etraductor
700 1 _aLorenzo, Asunción
_etraductor
910 _aVMateo V. Control de calidad. BPMSU
942 _2ddc
_cBK
999 _c10829
_d10829